Top 10 PlayStation 2 Games - Statistics

General Stats
  • This quiz has been taken 63 times
  • The average score is 4 of 10
Answer Stats
Year Game Score % Correct
2004 Grand Theft Auto: San Andreas 95
79%
2001 Grand Theft Auto III 97
71%
2002 Grand Theft Auto: Vice City 95
71%
2001 Metal Gear Solid 2: Sons of Liberty 96
50%
2005 Resident Evil 4 96
50%
2001 Gran Turismo 3: A-Spec 95
38%
2001 Devil May Cry 94
21%
2002 Tony Hawk's Pro Skater 4 94
21%
2001 Tony Hawk's Pro Skater 3 97
19%
2002 Madden NFL 2003 95
10%
No matching quizzes found
Score Distribution
Percent of People with Each Score
Percentile by Number Answered
Your Score History
You have not taken this quiz